000
00287nam a2200109Ia 4500
001
587500
005
20250717113817.0
008
250717s9999 xx 000 0 und d
245
0
_a
X-9 PASTEURÜN MİKROPLARLA SAVAŞI
_c
BEVERLEY BIRCH
260
_b
TÜBİTAK YAYINLARI
_c
2015
300
_b
20
999
_c
587500
_d
587500